Govt. of
Madhya Pradesh

The Hindu View of Life (Record no. 63418)

MARC details
000 -LEADER
fixed length control field 00218nam a22000977a 4500
082 ## - DEWEY DECIMAL CLASSIFICATION NUMBER
Classification number 294
100 ## - MAIN ENTRY--AUTHOR NAME
Personal name Saraf, Mukesh
245 ## - TITLE STATEMENT
Title The Hindu View of Life
260 ## - PUBLICATION, DISTRIBUTION, ETC. (IMPRINT)
Place of publication Allahabad
Name of publisher Prabha Pub
Year of publication 2018
942 ## - ADDED ENTRY ELEMENTS (KOHA)
Koha item type Books
Holdings
Withdrawn status Lost status Damaged status Not for loan Home library Current library Date acquired Cost, normal purchase price Full call number Accession Number Price effective from Koha item type
        MACL MACL 25/09/2020 800.00 294 CRE037557 25/09/2020 Books